00842cam a2200193 a 4500008004100000020002200041245022200063260004000285300003500325500008200360504004100442500002000483650004600503700001900549710005300568003000100621005001700622040000900639  a0444863230 (pbk.)10aPhysics of electronic and atomic collisions :binvited papers of the XII International Conference on the Physics of Electronic and Atomic Collisions, Gatlinburg, Tennessee, 15-21 July 1981 /c[edited] by Sheldon Datz. aAmsterdam :bNorth-Holland ,c1982. axiii, 872 p. :bill. ;c23 cm. aSponsored by the International Union of Pure and Applied Physics, and others. aIncludes bibliographical references. aIncludes index. 0aCollisions (Nuclear physics)vCongresses.1 aDatz, Sheldon.2 aInternational Union of Pure and Applied Physics.20230123134341.0 cNUST